| 000 | 01454nam a22002777a 4500 | ||
|---|---|---|---|
| 001 | EPSA 0267 | ||
| 003 | gtcocun | ||
| 005 | 20250919175129.0 | ||
| 006 | a||||gr|||| 00| 0 | ||
| 007 | ta | ||
| 008 | 250919b2024 gt ||||| m||| 00| 0 eng d | ||
| 040 |
_agtcocun _bSPA _cgtcocun _eRDA |
||
| 041 | _aSPA EPSA 0267 | ||
| 084 | _0 EPSA 0267 | ||
| 100 |
_aGabriela Alejandra Sierra Erazo _eAutor |
||
| 245 |
_aINFORME FINAL DEL EJERCICIO PROFESIONAL SUPERVISADO, REALIZADO EN LA EMPRESA INGENIERÍA Y SERVICIOS GL, UBICADA EN EL MUNICIPIO DE SAN PEDRO CARCHA, ALTA VERAPAZ _cGabriela Alejandra Sierra Erazo _hImpreso |
||
| 264 |
_aCobán, Alta Verapaz: _bUniversidad de San Carlos de Guatemala, Centro Universitario del Norte, Licenciatura en Administración de Empresas _c2024 |
||
| 300 |
_a84 p.: _bIlustraciones, gráficas. _c28 cm; |
||
| 502 | _eEPSA 0267 | ||
| 502 |
_aEjercicio Profesional Supervisado _bLicenciatura en Administración de Empresas, _cUniversidad de San Carlos de Guatemala, Centro Universitario del Norte, Licenciatura en Administración de Empresas _d2024 _oEPSA 0267 |
||
| 650 |
_2LEMB _aSan Pedro Carcha, Alta Verapaz _xAdministración _xEmpresa _xDiagnóstico _xPlan _xResultados _xSituaciones _xJerarquización |
||
| 700 |
_aLcda. Jessica Marbella Yalibat López _eAsesor |
||
| 856 |
_uSin archivo en línea. _zSin archivo en línea. |
||
| 942 |
_2ddc _cTES _iEPSA 0267 _kClasificación _n0 _6EPSA_0267_000000000000000 |
||
| 999 |
_c2003 _d2003 |
||